A cabana do pai Tomás (Registo nº 2135)

Detalhes MARC
000 -Etiqueta do registo
Cabeçalho 01053nam a22003251 4500
005 - Identificador da versão
Campo de controlo 20240813121925.0
095 ## -
-- PTBN00917826
010 ## - Número internacional normalizado dos livros (ISBN)
Número (ISBN) 9725683455
021 ## - Número do Depósito Legal
Código do país PT
Número 104769/96
100 ## - Dados gerais de processamento
Dados gerais de processamento 20050926d1997 c y0pory5003 ba
102 ## - Pais de publicação ou produção
País de publicação Portugal
101 1# - Língua de publicação
Língua do texto, banda sonora, etc. Português
Língua do documento no original Italiano
106 ## - Campo de dados codificados: material textual
Dados codificados do material textual r
105 ## - Campo de dados codificados: livros
Dados codificados dos livros a z 000fy
215 ## - Descrição física 
Indicação específica da natureza do documento e extensão da espécie 50 p.
Outras indicações físicas muito il.
Dimensões 30 cm
200 1# - Titulo e menção de responsabilidade
Título próprio A cabana do pai Tomás
Informação de outro título adaptação da obra de Harriet Beecher Stowe
Primeira menção de responsabilidade trad. Bárbara Caruso
Outras menções de responsabilidade il. Claudio Cernuschi, Maria de Filippo, Alberto Gnudi
225 2# - Colecção 
Título próprio da colecção Clássicos júnior
210 ## - Publicação, Distribuição, etc. 
Lugar da edição, distribuição, etc. [Lisboa]
Nome do editor, distribuidor, etc. Ulisseia
Data da publicação, distribuição, etc. cop. 1997
606 ## - Nome comum usado como assunto
Número de registo de entrada de autoridade 0000001
Palavra de ordem Literatura estrangeira infantil
Subdivisão de assunto Conto
675 ## - Classificação Decimal Universal (CDU)
Notação 82-34
Edição
Língua da edição por
702 #1 - Nome de autor-pessoa física (responsabilidade secundária)
Número de registo de entrada de autoridade 0000904
Palavra de ordem Stowe
Outra parte do nome não tomada para palavra de ordem Harriet Beecher
Datas 1811-1896
Código de função Antecedente bibliográfico
Número de registo de entrada de autoridade 0000733
Palavra de ordem Caruso
Outra parte do nome não tomada para palavra de ordem Bárbara
Código de função Tradutor
Número de registo de entrada de autoridade 0000730
Palavra de ordem Cernuschi
Outra parte do nome não tomada para palavra de ordem Claudio
Código de função Ilustrador / Técnico de desenho computorizado
Número de registo de entrada de autoridade 0000905
Palavra de ordem De Filippo
Outra parte do nome não tomada para palavra de ordem Maria
Código de função Ilustrador / Técnico de desenho computorizado
Número de registo de entrada de autoridade 0000906
Palavra de ordem Gnudi
Outra parte do nome não tomada para palavra de ordem Alberto
Código de função Ilustrador / Técnico de desenho computorizado
942 ## - Elementos de entrada adicionados (Koha)
Tipo de item no Koha Livro
Exemplares
Situação do levantamento Origin of item (home branch) (coded) Biblioteca de empréstimo Código de barras Cota Circulation type (not for loan) Tipo de documento Nota do exemplar Damaged status
  Biblioteca Escolar da Coca Maravilhas Biblioteca Escolar da Coca Maravilhas BECM7049/05 8EST STO   Livro Sem mensagem